| 000 | 00754nam a2200253 a 4500 | ||
|---|---|---|---|
| 001 | 000021674 | ||
| 003 | OSt | ||
| 005 | 20201002031105.0 | ||
| 008 | 100909s1989 cu r 000 f spa d | ||
| 040 |
_aDO-SdBNP _bspa _cBNPHU |
||
| 082 |
_aCu863.42 _bE32a |
||
| 100 | 1 |
_aEguren, Gustavo, _d1925- _945094 |
|
| 245 | 1 | 0 |
_aEl aire entre los dedos / _cGustavo Eguren ; edición Dulce M. Sotolongo. |
| 260 |
_aLa Haban, Cuba : _bLetras Cubanas, _c1989. |
||
| 300 |
_a106 p. ; _c18 cm. |
||
| 490 | 1 | _aGiraldilla | |
| 590 | _aInventariado, 2020/ YL | ||
| 650 | 4 |
_aNovela cubana _92316 |
|
| 650 | 4 |
_aLiteratura cubana _ySIGLO XX _99186 |
|
| 700 | 1 |
_aSotolongo, Dulce M. _eed. _945095 |
|
| 830 | 0 |
_aGiraldilla _98904 |
|
| 910 | _aEn proceso | ||
| 942 |
_2ddc _cLF1 |
||
| 999 |
_c21173 _d21173 |
||